What Year Was It? - Greek History - Click Quiz - Statistics

General Stats
  • This quiz has been taken 52 times
    50 since last reset
  • The average score is 12 of 20
Answer Stats
Hint Answer % Correct
Ioannis Metaxas refuses Mussolini's ultimatum 1940
82%
Greece joins WW1 1917
76%
Second Athens Summer Olympic Games 2004
76%
Death of Alexander the Great 323 BCE
74%
First ever modern Olympic Games in Athens 1896
74%
Fall of Constantinople to the Ottomans 1453
71%
Greece joins the European Union 1981
71%
Fall of Constantinople to the Crusaders 1204
65%
The Great Schism 1054
59%
Greek War of Independence begins 1821
59%
First ever Ancient Olympic Games 776 BCE
56%
Peloponnesian War ends 404 BCE
56%
Turkish invasion of Cyprus 1974
56%
Tempi train crash 2023
56%
Battle of Thermopylae 480 BCE
53%
First Balkan War starts 1912
53%
Athens Polytechnic uprising 1973
50%
The Exodus of Missolonghi 1826
44%
Burning of Smyrna 1922
44%
Goudi coup 1909
29%
No matching quizzes found
Score Distribution
Percent of People with Each Score
Percentile by Number Answered
Your Score History
You have not taken this quiz since the last reset